Endodontic Mishaps (Record no. 23898)

MARC details
000 -LEADER
fixed length control field 00434nam a22001817a 4500
003 - CONTROL NUMBER IDENTIFIER
control field SGT
020 ## - INTERNATIONAL STANDARD BOOK NUMBER
International Standard Book Number 9786206146933
082 ## - DEWEY DECIMAL CLASSIFICATION NUMBER
Classification number 617.6342
Item number E23P
100 ## - MAIN ENTRY--PERSONAL NAME
Personal name Palwankar, Drishti
245 ## - TITLE STATEMENT
Title Endodontic Mishaps
Remainder of title Overcoming Challenges
260 ## - PUBLICATION, DISTRIBUTION, ETC. (IMPRINT)
Name of publisher, distributor, etc Lambert Academic Publishing
Year of Publication 2023
300 ## - PAGE DESCRIPTION
No. of Pages 64
650 ## - SUBJECT ADDED ENTRY--TOPICAL TERM
Topical term or geographic name as entry element Endodontics
653 ## - KEYWORDS--INDEX TERM
Keyword term Endodontics
700 ## - ADDED ENTRY--PERSONAL NAME
Personal name Garg, Ashima
700 ## - ADDED ENTRY--PERSONAL NAME
Personal name Tandan, Monika
942 ## - ADDED ENTRY ELEMENTS (KOHA)
Source of classification or shelving scheme Dewey Decimal Classification
Koha item type Books
Holdings
Withdrawn status Lost status Source of classification or shelving scheme Damaged status Use restrictions Not for loan Home library Current library Shelving location Date acquired SGTU Total Checkouts Full call number Accession No. (Barcode) Date last seen Bill Date Koha item type
    Dewey Decimal Classification   Restricted Access Not For Loan SGT Dental Library SGT Dental Library Reference Book 01/05/2023 SGTU   617.6342 E23P FD8972 01/05/2023 01/05/2023 Books